Management (Record no. 1696)

MARC details
000 -LEADER
fixed length control field 01536nam a2200193 4500
020 ## - INTERNATIONAL STANDARD BOOK NUMBER
ISBN 9780071105842
020 ## - INTERNATIONAL STANDARD BOOK NUMBER
ISBN 0071105840
050 ## - CALL NUMBER
Classification number HD31
Item number .B31
100 ## - AUTHOR
Personal name Bateman, Thomas B.
245 ## - TITLE
Title Management
Remainder of title leading & collaborating in a competitive world
Statement of responsibility, etc Thomas S Bateman; Scott Snell
250 ## - EDITION
Edition statement 7th
260 ## - PUBLICATION INFORMATION
Place of publication Boston, Mass :
Name of publisher McGraw-Hill/Irwin,
Year of publication 2007.
300 ## - DESCRIPTION
Number of Pages xxxiv, 624 pages :
Other physical details illustrations (some color) ;
Dimensions 29 cm
500 ## - NOTES
General note Includes index
505 ## - FORMATTED CONTENTS NOTE
Table of Content PART ONE: Foundations of management 2--<br/>Chapter 1: Managing --<br/>Chapter 2: The external environment and organizational culture --<br/>Chapter 3: Managerial decision making --<br/><br/>PART TWO: Planning: Delivering strategic value --<br/>Chapter 4: Planning and strategic management --<br/>Chapter 5: Ethics and corporate responsibility --<br/>Chapter 6: International management --<br/>Chapter 7: Entrepreneurship --<br/><br/>PART THREE: Organizing: Building a dynamic organization --<br/>Chapter 8: Organization structure --<br/>Chapter 9: Organizational agility --<br/>Chapter 10: Human resources management --<br/>Chapter 11: Managing the diverse workforce --<br/><br/>PART FOUR: Leading: Mobilizing people --<br/>Chapter 12: Leadership --<br/>Chapter 13: Motivating for performance --<br/>Chapter 14: Teamwork --<br/>Chapter 15: Communicating --<br/><br/>PART FIVE: Controlling: Learning and changing --<br/>Chapter 16: Managerial control --<br/>Chapter 17: Managing technology and innovation --<br/>Chapter 18: Creating and managing change.
650 ## - SUBJECTS
Topical Term Management
700 ## - OTHER AUTHORS
Personal name Snell, Scott A.
942 ## - ADDED ENTRY ELEMENTS (KOHA)
Koha item type Books
Holdings
Withdrawn status Lost status Collection code Home library Current library Shelving location Date acquired Full call number Accession Number Koha item type
    Reference Methodist University Library Main Methodist University Library Main General Stacks 15/11/2007 HD31 .B31 18657 Books
Copyright © 2026  MUG Library